000
00159nam a22000857a 4500
082
_a
823
100
_a
BARBARA PARKER
245
_a
SUSPICION OF MALICE
942
_c
BK
999
_c
8468
_d
8468